Statistiques concernant Joueurs de légende #1 : Lionel MESSI

Cliquez ici pour prendre le quiz!

Statistiques générales

  • Ce quiz a été pris 497 fois
  • Le résultat moyen est 9 sur 10

Statistiques - réponses

Question……réponse% Correct
Quel est sa nationalité sportive ?Argentin
100%
Quel est son club actuel ?Inter Miami
100%
Dans quel club jouait-il lors de la coupe du monde 2022 ?Paris-Saint-Germain
100%
Combien de ligue des champions a t-il gagné ?4
99%
Meilleure place au ballon d’orPremier
99%
Meilleure position à la coupe du mondePremier
98%
Son numéro féticheLe 10
94%
Quel est son club formateur ?FC Barcelone
92%
Quel est son surnom ?La Pulga
90%
Équipe contre laquelle il a marqué son premier butEspanyol
7%

Distribution des résultats

Percentile par nombre de réponses

% des personnes avec chaque résultat

Votre développement - résultats

Vous n’avez pas pris ce quiz